000 00685nam a22002057a 4500
999 _c20238
_d20238
003 AR-CdUCM
008 190528b ||||| |||| 00| 0 spa d
040 _aMUNICIPALIDAD PROVINCIAL DEL CUSCO
_cBIBLIOTECA MUNICIPAL DEL CUSCO
082 _28ed
_a629.2 /
_bV27
100 _aValera Romero, Wenceslao
_942305
245 _aAutomóviles y motores a explosión :
_bamericanos - europeos - japoneses /
260 _aChile :
_bWenceslao Valera Romero,
_c1990.
300 _a295 páginas ;
_c25 cm.
505 _aContenido: Automóviles.
650 _aAutomóviles
_921127
650 _aMotores
_941289
650 _aReparación
_918247
942 _2ddc
_cLIBROS
945 _adavv
_d2019-05-28